[Event "10. HIT Open 2005 - B"]
[Site "Nova Gorica SLO"]
[Date "2005.02.03"]
[Round "9.2"]
[White "Budihna, Kristijan"]
[Black "Laco, Giuseppe"]
[Result "0-1"]
[WhiteElo "2023"]
[BlackElo "2104"]
[PlyCount "78"]
[EventDate "2005.01.28"]
[EventType "swiss"]
[EventRounds "9"]
[EventCountry "SLO"]
[Source "lmi"]
[SourceDate "2005.02.03"]

1. e4 c5 2. Nf3 e6 3. d4 cxd4 4. Nxd4 a6 5. Nc3 Qc7 6. Bd3 Nc6 7. Nxc6 bxc6 8.
O-O Nf6 9. Re1 h5 10. h3 d6 11. Qe2 Nd7 12. Na4 Ne5 13. Bf4 Nxd3 14. Qxd3 e5
15. Bg5 a5 16. c4 f6 17. Be3 Be6 18. b3 g5 19. Red1 Rb8 20. Bd2 Be7 21. Bc3 Kf7
22. Qd2 Ra8 23. Qe2 g4 24. h4 g3 25. Rd3 gxf2+ 26. Qxf2 Qa7 27. Qxa7 Rxa7 28.
g3 Rg8 29. Kh2 Rg4 30. Re1 f5 31. exf5 Bxf5 32. Rf1 Ke6 33. Re3 e4 34. Rd1 Ra8
35. Nb6 Rag8 36. Bxa5 Bxh4 37. Be1 Bg5 38. Re2 h4 39. gxh4 Bf4+ 0-1

[Event "10. HIT Open 2005 - B"]
[Site "Nova Gorica SLO"]
[Date "2005.02.03"]
[Round "9.3"]
[White "Picco, Ruggero"]
[Black "Visintin, Roberto"]
[Result "0-1"]
[WhiteElo "2022"]
[BlackElo "1940"]
[PlyCount "124"]
[EventDate "2005.01.28"]
[EventType "swiss"]
[EventRounds "9"]
[EventCountry "SLO"]
[Source "lmi"]
[SourceDate "2005.02.03"]

1. e4 d5 2. exd5 Qxd5 3. Nc3 Qd6 4. Nf3 Nf6 5. d4 Bg4 6. Be2 e6 7. O-O Be7 8.
a4 a6 9. h3 Bh5 10. Ne5 Bxe2 11. Nxe2 O-O 12. Bf4 Qd8 13. c4 Nc6 14. Nxc6 bxc6
15. Qc2 Qc8 16. Rad1 Qb7 17. Rd3 Rab8 18. b3 Rfd8 19. Be5 c5 20. Rfd1 Nd7 21.
Bf4 cxd4 22. Nxd4 Nc5 23. Rf3 Bf6 24. Be3 Qe4 25. Rd2 Qxc2 26. Nxc2 Rxd2 27.
Bxd2 Nxb3 28. Bc3 Bxc3 29. Rxc3 Nc5 30. Ra3 Rb1+ 31. Kh2 Rb2 32. Nd4 Rxf2 33.
Nb5 axb5 34. axb5 g6 35. Ra7 Rc2 36. Rxc7 Rxc4 37. b6 Rb4 38. Rxc5 Rxb6 39. Rc7
Rb3 40. Ra7 Kg7 41. Rc7 h5 42. Ra7 g5 43. Rc7 Kg6 44. Ra7 f5 45. Ra8 h4 46.
Rg8+ Kf6 47. Rf8+ Ke5 48. Rg8 Kf4 49. Re8 e5 50. Ra8 e4 51. Ra4 Rb1 52. Rc4 g4
53. hxg4 fxg4 54. g3+ hxg3+ 55. Kg2 Rb2+ 56. Kg1 Kf3 57. Rc3+ e3 58. Rc1 Rd2
59. Rf1+ Rf2 60. Re1 g2 61. Kh2 Rf1 62. Rxf1+ gxf1=N+ 0-1

[Event "10. HIT Open 2005 - B"]
[Site "Nova Gorica SLO"]
[Date "2005.02.03"]
[Round "9.4"]
[White "Pagnutti, Lorenzo"]
[Black "Diotallevi, Maurizio"]
[Result "1-0"]
[WhiteElo "2060"]
[BlackElo "2083"]
[PlyCount "93"]
[EventDate "2005.01.28"]
[EventType "swiss"]
[EventRounds "9"]
[EventCountry "SLO"]
[Source "lmi"]
[SourceDate "2005.02.03"]

1. e4 e6 2. d4 d5 3. e5 c5 4. c3 Nc6 5. Nf3 Bd7 6. a3 f6 7. Bd3 fxe5 8. Nxe5
Nxe5 9. dxe5 g6 10. h4 Qc7 11. f4 Bg7 12. Be3 Ne7 13. Nd2 O-O-O 14. Qc2 Nf5 15.
Bf2 h5 16. O-O-O Bh6 17. g3 Kb8 18. Kb1 Rc8 19. Nf3 Rhe8 20. Rhg1 c4 21. Bxf5
gxf5 22. Qe2 Re7 23. Nd4 Be8 24. Kc1 Bf8 25. Kd2 a6 26. Ke1 Bf7 27. Kf1 Ree8
28. Kg2 Bc5 29. Kh2 Bxd4 30. Bxd4 Rh8 31. Qc2 Be8 32. b3 cxb3 33. Qxb3 b5 34.
Rg2 Bf7 35. a4 Be8 36. Ra1 Qc4 37. Qb2 Kb7 38. Rb1 Ra8 39. Qa3 Qc7 40. Rgb2 Rg8
41. axb5 Bxb5 42. Rxb5+ axb5 43. Rxb5+ Kc6 44. Rc5+ Kd7 45. Rxc7+ Kxc7 46. Qd6+
Kb7 47. Qb6+ 1-0

[Event "10. HIT Open 2005 - B"]
[Site "Nova Gorica SLO"]
[Date "2005.02.03"]
[Round "9.5"]
[White "Fantini, Marco"]
[Black "Plaskan, Jure"]
[Result "1-0"]
[WhiteElo "1850"]
[BlackElo "2031"]
[PlyCount "84"]
[EventDate "2005.01.28"]
[EventType "swiss"]
[EventRounds "9"]
[EventCountry "SLO"]
[Source "lmi"]
[SourceDate "2005.02.03"]

1. d4 Nf6 2. Nc3 d5 3. Bg5 Nbd7 4. f3 e6 5. e4 dxe4 6. fxe4 Be7 7. Nf3 c6 8. e5
Nd5 9. Bxe7 Qxe7 10. Qd2 N7b6 11. Ne4 O-O 12. c3 f5 13. exf6 Nxf6 14. Bd3 Nbd5
15. O-O Bd7 16. Rae1 Rae8 17. Ne5 Nxe4 18. Bxe4 Nf6 19. Bc2 g6 20. Qh6 Qg7 21.
Qxg7+ Kxg7 22. Rxf6 Rxf6 23. Nxd7 Rf7 24. Ne5 Rf6 25. Bb3 Re7 26. Nd3 b6 27. g3
g5 28. Kg2 Rh6 29. h3 Rf6 30. Re2 a5 31. Ne5 c5 32. Ng4 Rf8 33. dxc5 bxc5 34.
Re5 Rf5 35. Re2 Rf8 36. Ne5 Rf6 37. Nc4 Ra7 38. Nd6 Re7 39. g4 a4 40. Bxa4 Kg8
41. Bb3 Kf8 42. Re4 Rd7 1-0

[Event "10. HIT Open 2005 - B"]
[Site "Nova Gorica SLO"]
[Date "2005.02.03"]
[Round "9.6"]
[White "Skok, Joze"]
[Black "Di Lazzaro, Gabriele"]
[Result "1/2-1/2"]
[WhiteElo "2102"]
[BlackElo "2012"]
[PlyCount "28"]
[EventDate "2005.01.28"]
[EventType "swiss"]
[EventRounds "9"]
[EventCountry "SLO"]
[Source "lmi"]
[SourceDate "2005.02.03"]

1. e4 c5 2. c3 e6 3. d4 cxd4 4. cxd4 d5 5. e5 Nc6 6. Nc3 Nge7 7. Bb5 Qb6 8. Nf3
Bd7 9. Bxc6 Nxc6 10. O-O Be7 11. Na4 Qb5 12. Nc3 Qb6 13. Na4 Qb5 14. Nc3 Qb6
1/2-1/2

[Event "10. HIT Open 2005 - B"]
[Site "Nova Gorica SLO"]
[Date "2005.02.03"]
[Round "9.8"]
[White "Leban, Matej"]
[Black "Petrovic, Marko"]
[Result "1-0"]
[WhiteElo "1603"]
[BlackElo "1927"]
[PlyCount "65"]
[EventDate "2005.01.28"]
[EventType "swiss"]
[EventRounds "9"]
[EventCountry "SLO"]
[Source "lmi"]
[SourceDate "2005.02.03"]

1. e4 c5 2. Nf3 d6 3. d4 cxd4 4. Nxd4 Nf6 5. Nc3 Nc6 6. Bg5 Qb6 7. Nb3 e6 8.
Be2 Be7 9. O-O a6 10. Be3 Qc7 11. f4 b5 12. a3 h5 13. h3 Bb7 14. Bf3 h4 15. Qe2
g6 16. f5 gxf5 17. exf5 Ne5 18. Bxb7 Qxb7 19. fxe6 fxe6 20. Bd4 O-O-O 21. Bxe5
dxe5 22. Qxe5 Qb6+ 23. Kh1 Nh5 24. Ne4 Ng3+ 25. Nxg3 hxg3 26. Rf3 Bd6 27. Qe4
Bc7 28. c4 bxc4 29. Qxc4 Rxh3+ 30. gxh3 g2+ 31. Kxg2 Qd6 32. Rh1 Kb8 33. Qb4+
1-0

[Event "10. HIT Open 2005 - B"]
[Site "Nova Gorica SLO"]
[Date "2005.02.03"]
[Round "9.9"]
[White "Punteri, Marco"]
[Black "Zorat, Paolo"]
[Result "0-1"]
[WhiteElo "2051"]
[BlackElo "1900"]
[PlyCount "79"]
[EventDate "2005.01.28"]
[EventType "swiss"]
[EventRounds "9"]
[EventCountry "SLO"]
[Source "lmi"]
[SourceDate "2005.02.03"]

1. d4 f5 2. g3 g6 3. Bg2 Nf6 4. Nd2 Nc6 5. Ndf3 d6 6. d5 Ne5 7. Bf4 Nf7 8. h4
h6 9. Nh3 e5 10. dxe6 Bxe6 11. Be3 Ne5 12. Nf4 Bf7 13. Bd4 Nc6 14. Bc3 Bg7 15.
Nd4 Nxd4 16. Qxd4 c6 17. O-O-O d5 18. Bb4 Qd7 19. c4 Rg8 20. Qe3+ Ne4 21. cxd5
cxd5 22. Bxe4 fxe4 23. f3 Rc8+ 24. Kb1 Qa4 25. Nd3 Qxa2+ 26. Kxa2 d4+ 27. Kb1
dxe3 28. fxe4 Rc4 29. Rhf1 Rxe4 30. Bc5 b6 31. Ba3 Bf8 32. Bxf8 Rxf8 33. Rf3
Be6 34. Nf4 Bg4 35. Rff1 g5 36. hxg5 hxg5 37. Ng6 Rxf1 38. Rxf1 Bxe2 39. Re1
Bd3+ 40. Ka1 0-1

[Event "10. HIT Open 2005 - B"]
[Site "Nova Gorica SLO"]
[Date "2005.02.03"]
[Round "9.10"]
[White "Ursic, Aleksander"]
[Black "Kogoj, Boris"]
[Result "1-0"]
[WhiteElo "1948"]
[BlackElo "1849"]
[PlyCount "60"]
[EventDate "2005.01.28"]
[EventType "swiss"]
[EventRounds "9"]
[EventCountry "SLO"]
[Source "lmi"]
[SourceDate "2005.02.03"]

1. d4 d5 2. Nf3 Nc6 3. c3 Bf5 4. Bf4 e6 5. e3 Bd6 6. Nbd2 a6 7. b4 Nge7 8. a4
O-O 9. Be2 Ng6 10. Bg3 Na7 11. O-O c6 12. Nb3 Re8 13. Bd3 Bxd3 14. Qxd3 e5 15.
dxe5 Nxe5 16. Nxe5 Bxe5 17. Bxe5 Rxe5 18. Na5 Rb8 19. Qd4 b6 20. Qxe5 bxa5 21.
bxa5 Rc8 22. Rab1 c5 23. Rfe1 Qxa5 24. Qxd5 h6 25. Rb7 Qxc3 26. Qxf7+ Kh8 27.
Rxa7 a5 28. Qh5 Rg8 29. Rd7 g5 30. Qf7 Rg7 1-0

[Event "10. HIT Open 2005 - B"]
[Site "Nova Gorica SLO"]
[Date "2005.02.03"]
[Round "9.11"]
[White "Padjen, Zdenko"]
[Black "Bacic, Domagoj"]
[Result "1-0"]
[WhiteElo "2069"]
[BlackElo "1534"]
[PlyCount "81"]
[EventDate "2005.01.28"]
[EventType "swiss"]
[EventRounds "9"]
[EventCountry "SLO"]
[Source "lmi"]
[SourceDate "2005.02.03"]

1. e4 e6 2. d3 c5 3. Nf3 Nc6 4. g3 d6 5. Bg2 Be7 6. O-O b6 7. e5 d5 8. Re1 Qc7
9. Bf4 h6 10. h4 Bb7 11. Nbd2 Qd8 12. h5 g5 13. hxg6 fxg6 14. Nf1 g5 15. Bd2 h5
16. Qc1 g4 17. Ng5 Bxg5 18. Bxg5 Qd7 19. Qf4 Qf7 20. Ne3 Qxf4 21. gxf4 Nge7 22.
Bf6 Rh7 23. f5 exf5 24. c4 d4 25. Nxf5 Nxf5 26. Be4 Rf7 27. Bxf5 Rxf6 28. exf6+
Kf7 29. Re6 Bc8 30. Rxc6 Bxf5 31. Re1 Kg6 32. Re7 Rf8 33. Rg7+ Kh6 34. Rxa7 Kg5
35. Rxb6 Rxf6 36. Rg7+ Bg6 37. Rxg6+ Rxg6 38. Rxg6+ Kxg6 39. a4 Kf5 40. a5 Kf4
41. a6 1-0

[Event "10. HIT Open 2005 - B"]
[Site "Nova Gorica SLO"]
[Date "2005.02.03"]
[Round "9.13"]
[White "Lapornik, Robert"]
[Black "Ursic, Jakob"]
[Result "0-1"]
[WhiteElo "2000"]
[BlackElo "1943"]
[PlyCount "88"]
[EventDate "2005.01.28"]
[EventType "swiss"]
[EventRounds "9"]
[EventCountry "SLO"]
[Source "lmi"]
[SourceDate "2005.02.03"]

1. Nf3 Nf6 2. c4 e6 3. g3 d5 4. Bg2 Bd6 5. d4 O-O 6. c5 Be7 7. b4 b6 8. Qc2 a5
9. b5 bxc5 10. dxc5 c6 11. b6 Nbd7 12. Ba3 Ne4 13. Nd4 Bxc5 14. Bxc5 Nexc5 15.
Nxc6 Qxb6 16. Ne7+ Kh8 17. Nxc8 Raxc8 18. O-O Ne4 19. Qb3 Qd4 20. Na3 Nd2 21.
Qd1 Qb2 22. Re1 Nf6 23. Qa4 Nde4 24. f3 Nc3 25. Qb3 Nxe2+ 26. Kf1 Qxb3 27. axb3
Nd4 28. Reb1 Rc3 29. Kf2 Rb8 30. Rb2 Rcxb3 31. Rd2 Rb2 32. Ra2 Rxd2+ 33. Rxd2
Rb3 34. Ra2 Rb8 35. g4 Nd7 36. f4 Nc5 37. Ke3 Ndb3 38. Nc2 Rd8 39. Nd4 Nxd4 40.
Kxd4 Rc8 41. Rd2 a4 42. Ke5 Rc6 43. Bf1 Nb3 44. Rd4 f6# 0-1

[Event "10. HIT Open 2005 - B"]
[Site "Nova Gorica SLO"]
[Date "2005.02.03"]
[Round "9.14"]
[White "Antoniacci, Riccardo"]
[Black "Peranovic, Zdravko"]
[Result "0-1"]
[WhiteElo "2011"]
[BlackElo "1500"]
[PlyCount "135"]
[EventDate "2005.01.28"]
[EventType "swiss"]
[EventRounds "9"]
[EventCountry "SLO"]
[Source "lmi"]
[SourceDate "2005.02.03"]

1. d4 d5 2. c4 Nf6 3. Nc3 e6 4. Bg5 c6 5. e3 Nbd7 6. Nf3 Be7 7. Bd3 b6 8. cxd5
exd5 9. O-O O-O 10. Rc1 Bb7 11. Re1 h6 12. Bh4 Re8 13. Bb1 b5 14. Qd3 b4 15.
Ne2 Ne4 16. Bxe7 Qxe7 17. Nd2 Ndf6 18. Nf4 Qd6 19. Nf3 Nd7 20. Nd2 f5 21. Nb3
Rf8 22. f3 Ng5 23. Nc5 Nxc5 24. dxc5 Qe5 25. Ng6 Qxb2 26. Nxf8 Rxf8 27. Rc2 Qf6
28. a3 b3 29. Qxb3 Rf7 30. Qd3 Ne6 31. Qc3 Qh4 32. g3 Qa4 33. Qb4 Qa6 34. Rc3
Ba8 35. Qb8+ Rf8 36. Qe5 Ng5 37. Kg2 Qc8 38. h4 Nh7 39. e4 dxe4 40. fxe4 f4 41.
gxf4 Nf6 42. Ba2+ Kh8 43. Be6 Qe8 44. Rg3 Bb7 45. Kh2 Bc8 46. Bxc8 Qxc8 47.
Reg1 Rg8 48. Rg6 Qd8 49. Qd6 h5 50. Qxd8 Rxd8 51. Rxg7 Nxe4 52. R7g6 Kh7 53.
Rg7+ Kh8 54. Rxa7 Nf6 55. Rc7 Rd4 56. Rxc6 Rxf4 57. Rxf6 Rxf6 58. Rg5 Rf3 59.
Rxh5+ Kg7 60. Rg5+ Kh6 61. Rg3 Rf4 62. Rc3 Rxh4+ 63. Kg3 Ra4 64. c6 Ra8 65. Kf4
Kg6 66. Ke5 Kf7 67. c7 Rc8 68. Kd6 0-1

[Event "10. HIT Open 2005 - B"]
[Site "Nova Gorica SLO"]
[Date "2005.02.03"]
[Round "9.16"]
[White "Nardin, Flavij"]
[Black "Bizjak, Nejc"]
[Result "1/2-1/2"]
[WhiteElo "2062"]
[BlackElo "1500"]
[PlyCount "35"]
[EventDate "2005.01.28"]
[EventType "swiss"]
[EventRounds "9"]
[EventCountry "SLO"]
[Source "lmi"]
[SourceDate "2005.02.03"]

1. d4 d5 2. c4 Nf6 3. Nc3 e6 4. a3 a5 5. Bg5 Be7 6. Nf3 Nc6 7. e3 O-O 8. Bd3 h6
9. Bh4 Nh7 10. Bg3 Bd6 11. Bh4 Be7 12. Bg3 Bd6 13. Qc2 Nf6 14. Bh4 Be7 15. c5
Nd7 16. Bg3 Na7 17. O-O b6 18. b4 1/2-1/2

[Event "10. HIT Open 2005 - B"]
[Site "Nova Gorica SLO"]
[Date "2005.02.03"]
[Round "9.17"]
[White "Milinkovic, Zdravko"]
[Black "Bonoli, Luciano"]
[Result "1-0"]
[WhiteElo "2016"]
[BlackElo "1725"]
[PlyCount "141"]
[EventDate "2005.01.28"]
[EventType "swiss"]
[EventRounds "9"]
[EventCountry "SLO"]
[Source "lmi"]
[SourceDate "2005.02.03"]

1. d4 g6 2. c4 Bg7 3. Nc3 Nf6 4. Nf3 O-O 5. Bg5 d6 6. e3 Nbd7 7. Be2 c6 8. O-O
a6 9. a3 Qc7 10. Rc1 e5 11. d5 c5 12. b4 b6 13. Nd2 Re8 14. h3 e4 15. Qc2 Ne5
16. Bxf6 Bxf6 17. Ncxe4 Bg7 18. f4 Nd7 19. Rf3 f5 20. Ng3 Nf6 21. Bd3 Bd7 22.
e4 Nxe4 23. Ndxe4 fxe4 24. Bxe4 cxb4 25. axb4 a5 26. bxa5 bxa5 27. f5 Qb6+ 28.
Kh1 Qb2 29. fxg6 hxg6 30. Bxg6 Qxc2 31. Rxc2 Re1+ 32. Rf1 Rxf1+ 33. Nxf1 a4 34.
Nd2 a3 35. Ra2 Bb2 36. Bc2 Re8 37. Nb1 Re1+ 38. Kh2 Be5+ 39. g3 Bb2 40. Nxa3
Bxa3 41. g4 Re3 42. Bd1 Kg7 43. Be2 Bc5 44. h4 Bd4 45. Kg2 Be8 46. Bf3 Rc3 47.
Be2 Be5 48. Ra7+ Bf7 49. g5 Rg3+ 50. Kf2 Rh3 51. h5 Bd4+ 52. Kg2 Bxa7 53. Kxh3
Be8 54. Kg4 Bd7+ 55. Kf4 Bd4 56. h6+ Kh8 57. g6 Be5+ 58. Kg5 Bd4 59. Bd3 Bc3
60. Be2 Bd4 61. Kh5 Bf6 62. Bg4 Bxg4+ 63. Kxg4 Bd4 64. Kf5 Be5 65. Ke6 Bf4 66.
h7 Kg7 67. Kf5 Be3 68. Ke6 Bf4 69. c5 dxc5 70. h8=Q+ Kxh8 71. Kf7 1-0

[Event "10. HIT Open 2005 - B"]
[Site "Nova Gorica SLO"]
[Date "2005.02.03"]
[Round "9.18"]
[White "Bembich, Corrado"]
[Black "Zivkovic, Jan"]
[Result "0-1"]
[WhiteElo "2000"]
[BlackElo "1850"]
[PlyCount "58"]
[EventDate "2005.01.28"]
[EventType "swiss"]
[EventRounds "9"]
[EventCountry "SLO"]
[Source "lmi"]
[SourceDate "2005.02.03"]

1. d4 Nf6 2. Nf3 g6 3. c4 d5 4. cxd5 Nxd5 5. e4 Nf6 6. Bd3 Bg4 7. Qa4+ c6 8.
Ne5 Nbd7 9. Nxg4 Nxg4 10. Be2 h5 11. Nc3 Nb6 12. Qd1 Bg7 13. e5 Qd7 14. h3 Nh6
15. O-O O-O-O 16. Be3 Nf5 17. Rc1 Nxd4 18. Nb5 Nxb5 19. Qxd7+ Rxd7 20. Bxb5
Bxe5 21. Be2 Bxb2 22. Rb1 Bd4 23. Bf4 Nd5 24. Rxb7 Rxb7 25. Ba6 Nxf4 26. Rb1
Bb6 27. Rb4 Nd5 28. Rb3 Kc7 29. a4 Bxf2+ 0-1

[Event "10. HIT Open 2005 - B"]
[Site "Nova Gorica SLO"]
[Date "2005.02.03"]
[Round "9.19"]
[White "Vetrih, Joze"]
[Black "Skrinjar, Matic"]
[Result "0-1"]
[WhiteElo "1805"]
[BlackElo "1527"]
[PlyCount "50"]
[EventDate "2005.01.28"]
[EventType "swiss"]
[EventRounds "9"]
[EventCountry "SLO"]
[Source "lmi"]
[SourceDate "2005.02.03"]

1. e4 e5 2. Nf3 Nc6 3. Bc4 Bc5 4. O-O Nf6 5. Re1 d6 6. d4 Nxd4 7. h3 Be6 8. Bd3
Qd7 9. Ng5 h6 10. Nxe6 fxe6 11. c3 Nc6 12. b4 Bb6 13. a4 a6 14. Qf3 O-O 15. Be3
Bxe3 16. Qxe3 Rf7 17. Nd2 Raf8 18. f3 Nh5 19. b5 axb5 20. axb5 Ne7 21. Ra7 b6
22. Rea1 Nf4 23. Qxb6 cxb6 24. Rxd7 Nxd3 25. Raa7 Ng6 0-1

[Event "10. HIT Open 2005 - B"]
[Site "Nova Gorica SLO"]
[Date "2005.02.03"]
[Round "9.21"]
[White "Portelli, Severino"]
[Black "Mircoli, Filippo"]
[Result "0-1"]
[WhiteElo "1903"]
[BlackElo "1928"]
[PlyCount "98"]
[EventDate "2005.01.28"]
[EventType "swiss"]
[EventRounds "9"]
[EventCountry "SLO"]
[Source "lmi"]
[SourceDate "2005.02.03"]

1. d4 e6 2. Nf3 d5 3. Bd2 Nf6 4. e3 c5 5. c3 Nc6 6. Bd3 Bd6 7. O-O b6 8. Bb5
Bb7 9. Ne5 Qc7 10. f4 O-O 11. Bd3 Ne4 12. Be1 Rac8 13. Nd2 f5 14. Ndf3 Nxe5 15.
fxe5 Be7 16. Bh4 c4 17. Bc2 b5 18. Qe2 a5 19. Bxe4 dxe4 20. Ng5 Bxg5 21. Bxg5
h6 22. Bh4 Bd5 23. g4 fxg4 24. Qxg4 Rxf1+ 25. Rxf1 Rf8 26. Rxf8+ Kxf8 27. Qg6
Qb7 28. Bd8 Qa8 29. Bb6 b4 30. Bc5+ Kg8 31. h4 bxc3 32. bxc3 Qb8 33. Qg2 Qb1+
34. Kh2 Qe1 35. Qg3 Qe2+ 36. Kh3 h5 37. Be7 Qf1+ 38. Kh2 Qe2+ 39. Kh3 Qf3 40.
Qxf3 exf3 41. Kg3 Kf7 42. Bd8 a4 43. a3 Kg6 44. Be7 Kf5 45. Bg5 Ke4 46. Kf2 Kd3
47. Be7 Kxc3 48. e4 Bxe4 49. Kg3 Bd5 0-1

[Event "10. HIT Open 2005 - B"]
[Site "Nova Gorica SLO"]
[Date "2005.02.03"]
[Round "9.22"]
[White "Jug, Tina"]
[Black "Stolfa, Rodolfo"]
[Result "0-1"]
[WhiteElo "1507"]
[BlackElo "1700"]
[PlyCount "72"]
[EventDate "2005.01.28"]
[EventType "swiss"]
[EventRounds "9"]
[EventCountry "SLO"]
[Source "lmi"]
[SourceDate "2005.02.03"]

1. e4 e5 2. Nf3 Nc6 3. d4 exd4 4. Nxd4 Bc5 5. Nxc6 Qf6 6. Qd2 Qxc6 7. Bd3 d6 8.
O-O Ne7 9. Qg5 Be6 10. Nc3 a6 11. a3 h6 12. Qxg7 O-O-O 13. Qf6 Qd7 14. b4 Ba7
15. Ne2 Ng6 16. Qc3 Bh3 17. Re1 Qg4 18. Ng3 Bxg2 19. Bf1 Bxf1 20. Kxf1 Qh3+ 21.
Ke2 Bxf2 22. Kxf2 Qxh2+ 23. Kf1 Qh3+ 24. Kf2 Qh2+ 25. Kf1 Rhg8 26. Re2 Qh3+ 27.
Ke1 Ne5 28. Bf4 Rg4 29. Rf2 Rdg8 30. Ne2 Rg1+ 31. Kd2 Qxc3+ 32. Kxc3 Rxa1 33.
Kb2 Rh1 34. Ng3 Rh3 35. Nf5 Rg1 36. Nxh6 Nc4+ 0-1

[Event "10. HIT Open 2005 - B"]
[Site "Nova Gorica SLO"]
[Date "2005.02.03"]
[Round "9.24"]
[White "Muradore, Aldo"]
[Black "Pulec, Lea"]
[Result "1-0"]
[WhiteElo "2000"]
[BlackElo "1554"]
[PlyCount "49"]
[EventDate "2005.01.28"]
[EventType "swiss"]
[EventRounds "9"]
[EventCountry "SLO"]
[Source "lmi"]
[SourceDate "2005.02.03"]

1. d4 d5 2. c4 Nf6 3. cxd5 Nxd5 4. e4 Nb6 5. Nc3 e6 6. a3 Be7 7. Nf3 N8d7 8. b4
Nf6 9. Bd3 O-O 10. O-O c6 11. Qc2 h6 12. Bb2 Nbd7 13. e5 Nd5 14. Nxd5 exd5 15.
Rae1 Nb6 16. Bc1 Bg4 17. Nd2 Bg5 18. f4 Be7 19. f5 Bg5 20. h3 Bxd2 21. Qxd2
Bxh3 22. f6 g5 23. gxh3 Nc4 24. Qg2 Kh8 25. Qg4 1-0